[Event "Xtracon Chess Open 2017"]
[Site "Helsingor DEN"]
[Date "2017.07.30"]
[Round "10.8"]
[White "Sokolov, Ivan"]
[Black "Kvon, Andrey"]
[Result "0-1"]
[WhiteTitle "GM"]
[BlackTitle "IM"]
[WhiteElo "2626"]
[BlackElo "2500"]
[WhiteFideId "14400030"]
[BlackFideId "14201356"]
[EventDate "2017.07.22"]

1. d4 Nf6 2. c4 e6 3. Nf3 c5 4. d5 b5 5. e4 Nxe4 6. Bd3 Nf6 7. O-O bxc4 8. Bxc4
Ba6 9. Bxa6 Nxa6 10. Nc3 Qc8 11. Bg5 Be7 12. Rc1 O-O 13. d6 Bd8 14. Qe2 Rb8 15.
Rfd1 Qb7 16. Ne5 Nd5 17. Nxd5 exd5 18. Bf4 c4 19. b3 cxb3 20. axb3 Nb4 21. Rc3
f6 22. Ng4 Qb5 23. Nh6+ Kh8 24. Qg4 g6 25. Rh3 d4 26. Rxd4 f5 27. Qd1 Bf6 28.
Be3 Nc6 29. Rd3 Rbe8 30. g4 f4 31. Bxf4 Bg7 32. Be3 Re4 33. Rd5 Qb4 34. Rf3 Rxe3
35. Rxf8+ Bxf8 36. Nf7+ Kg8 37. fxe3 Kxf7 38. g5 Qe4 39. Qf1+ Kg8 40. Qd3 Qg4+
41. Kf2 Qh4+ 42. Kg2 Nb4 43. Qd4 Qxd4 44. Rxd4 Nc6 45. Rd2 Kf7 46. Rf2+ Ke8 47.
Rd2 Bg7 48. Rf2 Be5 49. Rf3 Bxd6 50. Rh3 Be7 51. Rxh7 Bxg5 52. Kf3 Bf6 53. Ke4
Ne7 54. Rh3 Kf7 55. Rf3 Ke6 56. Rf2 Nc6 57. Rc2 Be7 58. Kf4 Nb4 59. Rc8 Nc6 60.
Kg4 a5 61. h4 Bd8 62. Ra8 Kd6 63. Rxd8 Nxd8 64. Kg5 Ke7 65. Kxg6 Kf8 0-1

[Event "Xtracon Chess Open 2017"]
[Site "Helsingor DEN"]
[Date "2017.07.30"]
[Round "10.9"]
[White "Vocaturo, Daniele"]
[Black "Sonis, Francesco"]
[Result "1/2-1/2"]
[WhiteTitle "GM"]
[BlackTitle "IM"]
[WhiteElo "2592"]
[BlackElo "2440"]
[WhiteFideId "813192"]
[BlackFideId "895733"]
[EventDate "2017.07.22"]

1. e4 e5 2. Nf3 Nc6 3. Bb5 a6 4. Ba4 Nf6 5. O-O Be7 6. Re1 b5 7. Bb3 d6 8. c3
O-O 9. h3 Na5 10. Bc2 c5 11. d4 Qc7 12. Nbd2 cxd4 13. cxd4 Rd8 14. b3 Nc6 15.
Bb2 Bb7 16. Rc1 Qb6 17. d5 Nb4 18. Bb1 a5 19. Nf1 Na6 20. Ne3 g6 21. Nd2 Nc5 22.
a3 Rdc8 23. Qf3 b4 24. axb4 axb4 25. Ndc4 Qd8 26. Nc2 Na6 27. Rcd1 Nd7 28. Bc1
Rcb8 29. Bd2 Bc8 30. Ba2 Ndc5 31. Ra1 f5 32. exf5 Bxf5 33. N2e3 Be4 34. Qg4 Nc7
35. Nb2 Nxd5 36. Na4 Nf6 37. Qe2 d5 38. Ng4 Nxg4 39. hxg4 Nxa4 40. bxa4 b3 41.
Bb1 Bxb1 42. Raxb1 Bf6 43. g5 Bxg5 44. Bxg5 Qxg5 45. Qd1 e4 46. Rxb3 Rf8 47. Qd4
Rad8 48. Rb5 Qf6 49. Rd1 Qxd4 50. Rxd4 Rf5 51. a5 Rd6 52. Ra4 d4 53. Rxf5 gxf5
54. a6 Rd8 55. a7 Ra8 56. Kf1 Kf7 57. Ra6 h5 58. Ke2 h4 59. f3 Kg7 60. fxe4 fxe4
61. Kd2 Kh7 1/2-1/2

[Event "Xtracon Chess Open 2017"]
[Site "Helsingor DEN"]
[Date "2017.07.30"]
[Round "10.10"]
[White "Getz, Nicolai"]
[Black "Andersen, Mads"]
[Result "0-1"]
[WhiteTitle "IM"]
[BlackTitle "GM"]
[WhiteElo "2415"]
[BlackElo "2586"]
[WhiteFideId "1505572"]
[BlackFideId "1413864"]
[EventDate "2017.07.22"]

1. e4 c5 2. Nf3 d6 3. d4 cxd4 4. Nxd4 Nf6 5. Nc3 a6 6. h3 e6 7. g4 d5 8. Nde2
Bc5 9. Bg2 Qb6 10. Rf1 Nxe4 11. Nxe4 dxe4 12. Bxe4 Bd7 13. c3 Bc6 14. Ng3 Nd7
15. Qc2 Bb5 16. Rg1 Ne5 17. b4 Be7 18. a4 Bc6 19. Be3 Qc7 20. Ke2 Bxe4 21. Qxe4
O-O 22. f4 Nd7 23. Bd4 Nf6 24. Qf3 Nd5 25. Nh5 g6 26. f5 Qc4+ 27. Qd3 Rfc8 28.
fxe6 fxe6 29. Raf1 Nxc3+ 30. Bxc3 Qxc3 31. Qxc3 Rxc3 32. Nf6+ Kg7 33. Ne4 Rc4
34. Ke3 Rd8 35. Rb1 Rdd4 36. Nc5 Bg5+ 37. Kf3 Rc3+ 38. Ke2 Re3+ 39. Kf1 Bh4 40.
Rg2 Rxb4 41. Rgb2 Rc4 42. Rxb7+ Kh6 43. R7b3 Rxb3 44. Nxb3 Rxa4 45. Nc5 Ra3 46.
Nxe6 Rxh3 47. Ke2 a5 48. Ra1 Rh2+ 49. Ke3 Rg2 50. Ra4 Rg1 51. Kd2 Be1+ 52. Ke2
Bb4 53. Kf3 Re1 54. Nf4 Kg5 55. Nh3+ Kh4 56. Nf2 Rb1 57. Ra2 Rb3+ 58. Ke4 Kg5
59. Nd3 h6 60. Ne5 Rh3 61. Rg2 a4 62. Nf3+ Kf6 63. Rb2 Bd6 64. Rb6 Ke7 65. Rb7+
Ke8 66. Ra7 a3 67. Ne5 Re3+ 68. Kxe3 Bc5+ 69. Kd3 Bxa7 70. Kc2 a2 0-1

[Event "Xtracon Chess Open 2017"]
[Site "Helsingor DEN"]
[Date "2017.07.30"]
[Round "10.11"]
[White "Timman, Jan H"]
[Black "Das, Arghyadip"]
[Result "1/2-1/2"]
[WhiteTitle "GM"]
[BlackTitle "IM"]
[WhiteElo "2578"]
[BlackElo "2416"]
[WhiteFideId "1000012"]
[BlackFideId "5003610"]
[EventDate "2017.07.22"]

1. e4 e5 2. Nf3 Nc6 3. d4 exd4 4. Nxd4 Nf6 5. Nxc6 bxc6 6. e5 Qe7 7. Qe2 Nd5 8.
c4 Nb6 9. Nc3 Ba6 10. Qe4 Qe6 11. b3 Bb4 12. Bd2 Bxc3 13. Bxc3 d5 14. Qf3 dxc4
15. Be2 O-O-O 16. O-O Kb7 17. Rfc1 h5 18. Bf1 g5 19. Qe2 g4 20. Bb2 h4 21. a4 h3
22. g3 Ka8 23. a5 Nd7 24. bxc4 c5 25. Re1 Bb7 26. a6 Bf3 27. Qe3 Rb8 28. Ba3 Rh5
29. Qc3 Nxe5 30. Bxc5 Bc6 31. Be2 Qf5 32. Qe3 Nxc4 33. Bxc4 Qxc5 34. Bxf7 Qxe3
35. Rxe3 Ra5 36. Ree1 Rxa1 37. Rxa1 Bf3 38. Kf1 c6 39. Ke1 Rb2 40. Bc4 Kb8 41.
Ra2 Rb4 42. Bd3 Kc7 43. Kd2 Bd5 44. Rc2 Kb6 45. Be2 c5 46. Rc3 Bc6 47. Re3 Bb5
48. Re6+ Ka5 49. Bxb5 Kxb5 50. Ke3 c4 51. Re5+ Kxa6 52. Rg5 c3 53. Kd3 Rc4 54.
Kc2 Kb6 55. f4 gxf3 56. Rf5 Re4 57. Rxf3 Re2+ 58. Kxc3 Rxh2 59. g4 a5 60. Kb3
Rh1 61. Ka2 1/2-1/2

[Event "Xtracon Chess Open 2017"]
[Site "Helsingor DEN"]
[Date "2017.07.30"]
[Round "10.12"]
[White "Haldorsen, Benjamin"]
[Black "Martinovic, Sasa"]
[Result "1/2-1/2"]
[WhiteTitle "FM"]
[BlackTitle "GM"]
[WhiteElo "2370"]
[BlackElo "2570"]
[WhiteFideId "1512633"]
[BlackFideId "14509792"]
[EventDate "2017.07.22"]

1. d4 Nf6 2. Bf4 c5 3. d5 d6 4. Nc3 e5 5. Bg5 Be7 6. Nf3 O-O 7. e3 h6 8. Bh4
Nbd7 9. a4 Nh7 10. Bxe7 Qxe7 11. Nd2 f5 12. Nc4 a6 13. f3 b6 14. Ra3 Rb8 15. Rb3
Nhf6 16. Qd2 Ne8 17. Be2 Qd8 18. f4 exf4 19. exf4 Ndf6 20. O-O Bd7 21. Ne5 dxe5
22. fxe5 Ng4 23. Bxg4 fxg4 24. Rxf8+ Kxf8 25. Qf4+ Kg8 26. e6 Bxe6 27. dxe6 Nc7
28. Qxg4 Qd2 29. Qe2 Qd4+ 30. Kh1 Kh8 31. h3 Qd6 32. Nd1 Nxe6 33. Re3 Nd4 34.
Re8+ Rxe8 35. Qxe8+ Kh7 36. Qe4+ Qg6 37. Qxg6+ Kxg6 38. Ne3 b5 39. axb5 axb5 40.
Kg1 Kf6 41. Kf2 Ke5 42. c3 Ne6 43. g3 h5 44. h4 Ke4 45. Ke2 g6 46. Nf1 Nf8 47.
Nd2+ Kf5 48. b4 cxb4 49. cxb4 Ne6 50. Ke3 Kg4 51. Ne4 Nc7 52. Kf2 Nd5 53. Nd6
Nxb4 54. Nxb5 Nd3+ 55. Kg2 Ne1+ 56. Kf2 Nd3+ 57. Kg2 Ne1+ 1/2-1/2

[Event "Xtracon Chess Open 2017"]
[Site "Helsingor DEN"]
[Date "2017.07.30"]
[Round "10.13"]
[White "Shabalov, Alexander"]
[Black "Papp, Petra"]
[Result "1-0"]
[WhiteTitle "GM"]
[BlackTitle "WGM"]
[WhiteElo "2549"]
[BlackElo "2337"]
[WhiteFideId "2008572"]
[BlackFideId "739049"]
[EventDate "2017.07.22"]

1. d4 Nf6 2. c4 g6 3. Nc3 d5 4. cxd5 Nxd5 5. e4 Nxc3 6. bxc3 Bg7 7. Bc4 c5 8.
Ne2 Nc6 9. Be3 O-O 10. O-O Qc7 11. Rc1 e6 12. h4 b6 13. h5 Bb7 14. hxg6 hxg6 15.
Nf4 Qd7 16. Qg4 Na5 17. Bd3 Nc6 18. Rfd1 Rfd8 19. Bb5 Qe7 20. d5 Ne5 21. Qg3
exd5 22. Nxd5 Bxd5 23. exd5 c4 24. Rb1 a6 25. Bc6 Nxc6 26. dxc6 b5 27. c7 Rd3
28. Rxd3 cxd3 29. Bf4 d2 30. Bxd2 Be5 31. Re1 Bxg3 32. Rxe7 Bh4 33. Rd7 Kf8 34.
Be3 Ke8 35. Rd5 Bf6 36. Bb6 Rc8 37. g4 Ra8 38. Kg2 Rc8 39. f4 Ra8 40. Kf3 Rc8
41. Ke4 Ra8 42. Kd3 Rc8 43. c4 bxc4+ 44. Kxc4 Be7 45. Kb3 1-0

[Event "Xtracon Chess Open 2017"]
[Site "Helsingor DEN"]
[Date "2017.07.30"]
[Round "10.14"]
[White "Hjartarson, Johann"]
[Black "Holm, Kristian Stuvik"]
[Result "0-1"]
[WhiteTitle "GM"]
[BlackTitle "IM"]
[WhiteElo "2541"]
[BlackElo "2403"]
[WhiteFideId "2300044"]
[BlackFideId "1508083"]
[EventDate "2017.07.22"]

1. d4 d5 2. c4 e6 3. Nc3 c6 4. e3 Nf6 5. Nf3 Nbd7 6. Qc2 Bd6 7. Bd3 O-O 8. O-O
e5 9. cxd5 cxd5 10. Nb5 Bb8 11. dxe5 Nxe5 12. Nxe5 Bxe5 13. Bd2 a6 14. Nd4 Re8
15. Rac1 Ne4 16. Be1 Qd6 17. Nf3 Bf6 18. Qb3 Be6 19. Nd4 Be5 20. Nxe6 Bxh2+ 21.
Kh1 Rxe6 22. Qxb7 Rd8 23. g4 Rh6 24. Bxe4 dxe4 25. Qxe4 Be5+ 26. Kg2 Bxb2 27.
Rc2 Qh2+ 28. Kf3 Re6 29. Qa4 Bf6 30. Rc5 g6 31. Rc4 Bg5 32. Re4 Qd6 33. Ba5 Rc8
34. Rd4 Qh2 35. Bd2 Rce8 36. Qb3 h5 37. gxh5 Qxh5+ 38. Kg2 Bf6 39. Ra4 Qg5+ 40.
Kf3 Qh5+ 41. Kg2 Re5 42. e4 Rxe4 43. Rxe4 Rxe4 44. f3 Re2+ 0-1

[Event "Xtracon Chess Open 2017"]
[Site "Helsingor DEN"]
[Date "2017.07.30"]
[Round "10.15"]
[White "Rosen, Eric S"]
[Black "Schroeder, Jan-Christian"]
[Result "0-1"]
[WhiteTitle "IM"]
[BlackTitle "GM"]
[WhiteElo "2369"]
[BlackElo "2539"]
[WhiteFideId "2032562"]
[BlackFideId "24662259"]
[EventDate "2017.07.22"]

1. d4 d5 2. Bf4 Nf6 3. e3 c5 4. Nf3 Nc6 5. Nbd2 Qb6 6. dxc5 Qxb2 7. Rb1 Qc3 8.
Bb5 e6 9. O-O Be7 10. Nb3 O-O 11. Qd3 Ne4 12. Rfc1 Nb4 13. Qf1 Nxa2 14. Rd1 Bf6
15. Bc7 a5 16. Rd3 Qxc2 17. Rdd1 a4 18. Nbd2 Nxd2 19. Rxd2 Qxc5 20. Be5 Nc3 21.
Rc2 Bxe5 22. Nxe5 a3 23. Bd3 Nxb1 24. Rxc5 a2 25. Bxb1 a1=Q 26. Qd3 g6 27. Rc3
Qb2 28. f4 Ra1 29. Rb3 Qc1+ 30. Kf2 d4 31. Ng4 e5 32. Nf6+ Kg7 33. fxe5 Qxe3+
34. Qxe3 dxe3+ 35. Kxe3 Rd8 36. g4 Ra5 37. Kf4 b5 38. Be4 Be6 39. Rb2 Rb8 40. h4
b4 41. g5 b3 42. h5 Ra2 43. Rb1 b2 44. Rh1 Ra1 45. Bb1 Bf5 46. e6 fxe6 47. hxg6
Bxg6 0-1

[Event "Xtracon Chess Open 2017"]
[Site "Helsingor DEN"]
[Date "2017.07.30"]
[Round "10.16"]
[White "Rostgaard, Tobias Valentin"]
[Black "Kollars, Dmitrij"]
[Result "1/2-1/2"]
[WhiteTitle "FM"]
[BlackTitle "IM"]
[WhiteElo "2327"]
[BlackElo "2510"]
[WhiteFideId "1408801"]
[BlackFideId "12909572"]
[EventDate "2017.07.22"]

1. e4 e5 2. Nf3 Nc6 3. Nc3 Nf6 4. d4 exd4 5. Nxd4 Bc5 6. Nxc6 bxc6 7. Bd3 d6 8.
h3 Nd7 9. Qh5 Qf6 10. O-O Ne5 11. Bg5 Qg6 12. Qxg6 hxg6 13. Be2 f6 14. Bd2 g5
15. Na4 Bd4 16. c3 Bb6 17. Nxb6 axb6 18. c4 Be6 19. b3 Ke7 20. Bc3 Rh4 21. f3
Rhh8 22. Rfd1 Ra3 23. Bb2 Ra7 24. Rd2 Rha8 25. a3 Nd7 26. Rc1 Nc5 27. Bd1 Rb7
28. Kf2 b5 29. cxb5 cxb5 30. b4 Nd7 31. Be2 Ne5 32. Bxe5 dxe5 33. Rc3 Bd7 34.
Ke1 Ra6 35. Kd1 Rd6 36. Rxd6 cxd6 37. Kc2 Kd8 38. Kb2 Rc7 39. Rd3 Ke7 40. Rd1
Rc8 41. Bd3 g6 42. Ra1 f5 43. Bc2 Kd8 44. Re1 Kc7 45. Bb3 Rf8 46. Rc1+ Kb6 47.
Re1 Bc6 48. Bd5 g4 49. Bxc6 Kxc6 50. hxg4 fxg4 51. Rc1+ Kb6 52. Rc3 g3 53. Kb3
Rh8 54. Rc1 g5 55. a4 bxa4+ 56. Kxa4 g4 57. fxg4 Ra8+ 58. Kb3 Rg8 59. Rd1 Kc6
60. Kc4 Rxg4 61. b5+ Kc7 62. Kd5 Kb6 63. Rb1 Rf4 64. Rb3 Rf2 65. Rxg3 Rd2+ 66.
Ke6 Kxb5 67. Rc3 Re2 68. Kd5 Rd2+ 69. Ke6 Re2 70. Kd5 Rd2+ 71. Ke6 1/2-1/2

[Event "Xtracon Chess Open 2017"]
[Site "Helsingor DEN"]
[Date "2017.07.30"]
[Round "10.17"]
[White "Hillarp Persson, Tiger"]
[Black "Dishman, Stephen"]
[Result "0-1"]
[WhiteTitle "GM"]
[WhiteElo "2509"]
[BlackElo "2313"]
[WhiteFideId "1700812"]
[BlackFideId "403024"]
[EventDate "2017.07.22"]

1. Nf3 d5 2. g3 Bg4 3. Bg2 Nd7 4. c4 e6 5. cxd5 exd5 6. Qb3 Nc5 7. Qc2 Nf6 8. d3
Be7 9. Nbd2 O-O 10. h3 Bxf3 11. Nxf3 Ne6 12. O-O c6 13. e3 a5 14. b3 Nd7 15. Rb1
Qb6 16. a3 Rfd8 17. Bb2 Bf6 18. d4 Be7 19. Rfe1 g6 20. h4 Bf8 21. h5 Bg7 22.
hxg6 hxg6 23. Bh3 Re8 24. e4 dxe4 25. Rxe4 Ndf8 26. Rbe1 Qb5 27. Ne5 Qd5 28. Bg2
Qd8 29. Qc4 a4 30. b4 Qd5 31. Qxd5 cxd5 32. R4e2 Red8 33. Rc1 Rd6 34. f4 Rad8
35. Rec2 Nd7 36. Kf2 Nb6 37. Bf1 Bf6 38. Rd1 Kg7 39. Ng4 Rc8 40. Rxc8 Nxc8 41.
Bb5 Nb6 42. Nxf6 Kxf6 43. Rc1 Rd8 44. Bd3 Rh8 45. Kg2 Rc8 46. Rc5 Ke7 47. Rxc8
Nxc8 48. Bc3 Nd6 49. b5 Kd7 50. Bc2 Nxb5 51. Bxa4 Kc6 52. Bb2 Kb6 53. Bb3 Kc6
54. Ba4 Kb6 55. Kf2 Nd6 56. Bb3 Kc6 57. a4 Nf5 58. a5 Nfxd4 59. Ba4+ Nb5 60. Ke3
Kc5 61. Bb3 Ned4 62. Bd1 Nc6 63. f5 gxf5 64. Kf4 Nxa5 65. Kxf5 Nc4 66. Bc1 Nbd6+
67. Kf6 Ne4+ 68. Kxf7 Nxg3 69. Ke6 b5 70. Bh6 Ne4 71. Bf8+ Kc6 72. Bh5 Nc5+ 73.
Kf5 b4 74. Be8+ Kb6 75. Kg4 b3 76. Bg7 Ne6 77. Ba1 Kc5 78. Bf7 Nd4 79. Kg3 Nc2
80. Bg7 d4 81. Bf8+ Kb5 82. Be8+ Ka5 83. Bg6 Ne5 84. Be4 d3 85. Bxd3 Nxd3 86.
Bg7 Kb4 87. Kg2 Kc4 0-1

[Event "Xtracon Chess Open 2017"]
[Site "Helsingor DEN"]
[Date "2017.07.30"]
[Round "10.18"]
[White "Hector, Jonny"]
[Black "Kramer, Julian"]
[Result "1-0"]
[WhiteTitle "GM"]
[BlackTitle "FM"]
[WhiteElo "2497"]
[BlackElo "2333"]
[WhiteFideId "1700090"]
[BlackFideId "12921742"]
[EventDate "2017.07.22"]

1. e4 c5 2. Nf3 d6 3. d4 cxd4 4. Nxd4 Nf6 5. Nc3 a6 6. Bg5 e6 7. f4 Qb6 8. a3
Nc6 9. Nb3 Be7 10. Qd2 O-O 11. O-O-O Rd8 12. Bd3 Qc7 13. h4 b5 14. Rh3 b4 15.
axb4 Nxb4 16. Qe2 Bb7 17. Rg3 Kh8 18. Kb1 Nxd3 19. Rgxd3 h6 20. g4 Qc4 21. e5
hxg5 22. exf6 gxf6 23. hxg5 Kg7 24. f5 e5 25. gxf6+ Bxf6 26. g5 Bxg5 27. f6+ Kf8
28. Rh3 Qxe2 29. Rh8# 1-0

[Event "Xtracon Chess Open 2017"]
[Site "Helsingor DEN"]
[Date "2017.07.30"]
[Round "10.19"]
[White "Olsen, Filip Boe"]
[Black "Goh, Wei Ming Kevin"]
[Result "1-0"]
[WhiteTitle "FM"]
[BlackTitle "IM"]
[WhiteElo "2189"]
[BlackElo "2446"]
[WhiteFideId "1440640"]
[BlackFideId "5800706"]
[EventDate "2017.07.22"]

1. d4 Nf6 2. c4 g6 3. Nc3 d5 4. cxd5 Nxd5 5. e4 Nxc3 6. bxc3 Bg7 7. Be3 c5 8.
Rc1 O-O 9. Qd2 e5 10. d5 Nd7 11. f3 f5 12. Nh3 b6 13. Bg5 Nf6 14. Nf2 Qd6 15.
Be2 Bd7 16. c4 a6 17. O-O Rfb8 18. Qc2 Qf8 19. exf5 gxf5 20. Nd3 Ne8 21. f4 e4
22. Ne5 Qd6 23. Kh1 Rc8 24. Bh5 Bxe5 25. fxe5 Qxe5 26. Rb1 b5 27. Rb3 Ng7 28.
Bf4 Qf6 29. Rg3 Be8 30. Bxe8 Rxe8 31. Bc1 Ra7 32. Bb2 Qh6 33. Rxf5 e3 34. Qe2
Qh4 35. Rfg5 Ree7 36. R5g4 Qh6 37. h3 bxc4 38. Rg5 Rab7 39. Be5 c3 40. Bxc3 Qd6
41. Qg4 Qd7 42. Qxd7 Rbxd7 43. d6 Rf7 44. Rxe3 Rf5 45. Re8+ Kf7 46. Re7+ 1-0

[Event "Xtracon Chess Open 2017"]
[Site "Helsingor DEN"]
[Date "2017.07.30"]
[Round "10.20"]
[White "Ikeda, Junta"]
[Black "Wadsworth, Matthew J"]
[Result "1/2-1/2"]
[WhiteTitle "IM"]
[BlackTitle "FM"]
[WhiteElo "2427"]
[BlackElo "2298"]
[WhiteFideId "3204731"]
[BlackFideId "415804"]
[EventDate "2017.07.22"]

1. Nf3 d5 2. g3 Nf6 3. Bg2 c6 4. O-O Bf5 5. c4 e6 6. cxd5 exd5 7. d3 Be7 8. Qb3
Qb6 9. Qc2 Na6 10. a3 O-O 11. Nc3 h6 12. b4 Bh7 13. Be3 Qd8 14. b5 cxb5 15. Nxb5
Qa5 16. Qb2 Nc5 17. Nbd4 Qa4 18. Bh3 Rfe8 19. Nf5 Bxf5 20. Bxf5 b5 21. Nd4 a6
22. Rfc1 Bf8 23. Bh3 Rad8 24. Rc3 h5 25. Qc2 Qxc2 26. Rxc2 Ng4 27. Bxg4 hxg4 28.
Nc6 Rc8 29. Na7 Rc7 30. Rac1 Rxa7 31. Bxc5 Bxc5 32. Rxc5 Rxe2 33. Rxd5 Ra2 34.
Rg5 Rxa3 35. d4 Rd3 36. Rxg4 f6 37. Kf1 Kf7 38. Ke2 Ra3 39. Re4 a5 40. d5 Rd7
41. h4 b4 42. d6 Ra2+ 43. Kf3 b3 44. Rce1 b2 45. Re7+ Rxe7 46. Rxe7+ Kf8 47. Rb7
Ke8 48. Ke4 Ra4+ 49. Kd3 Rb4 50. Rxb4 axb4 51. Kc2 Kd7 52. g4 Kxd6 53. f4 Kd5
54. h5 Ke4 55. g5 fxg5 56. fxg5 Kf5 57. h6 gxh6 58. gxh6 Kg6 1/2-1/2

[Event "Xtracon Chess Open 2017"]
[Site "Helsingor DEN"]
[Date "2017.07.30"]
[Round "10.21"]
[White "Tan, Justin2"]
[Black "Ranaldi, Lucas"]
[Result "1-0"]
[WhiteTitle "IM"]
[BlackTitle "FM"]
[WhiteElo "2462"]
[BlackElo "2269"]
[WhiteFideId "3206882"]
[BlackFideId "1519484"]
[EventDate "2017.07.22"]

1. e4 c6 2. d4 d5 3. Nc3 dxe4 4. Nxe4 Bf5 5. Ng3 Bg6 6. Nh3 e6 7. Nf4 Bd6 8. h4
Qc7 9. Nxg6 hxg6 10. Ne4 Bf4 11. Bxf4 Qxf4 12. Ng5 Nf6 13. g3 Qf5 14. Bg2 Qa5+
15. c3 Nbd7 16. Qb3 Qb6 17. Qc2 a5 18. O-O-O a4 19. a3 Qa5 20. f4 Qf5 21. Qe2
O-O 22. Bf3 c5 23. h5 gxh5 24. Bxh5 g6 25. Bf3 Kg7 26. Bxb7 Rab8 27. Be4 Nxe4
28. Qxe4 Qxe4 29. Nxe4 c4 30. d5 exd5 31. Rxd5 Rfe8 32. Nd6 Re2 33. Nxc4 Nb6 34.
Rb5 Nd7 35. Rxb8 Nxb8 36. Nb6 Nc6 37. Nxa4 Na5 38. Rd1 Nb3+ 39. Kb1 Rg2 40. Ka2
Nd2 41. Nb6 Ne4 42. Rd3 Nxg3 43. a4 Ne2 44. Rf3 g5 45. fxg5 Rxg5 46. b4 Rg2 47.
Kb3 Nc1+ 48. Kc4 1-0

[Event "Xtracon Chess Open 2017"]
[Site "Helsingor DEN"]
[Date "2017.07.30"]
[Round "10.22"]
[White "Solberg, Joachim"]
[Black "Percivaldi, Martin"]
[Result "1/2-1/2"]
[WhiteTitle "CM"]
[BlackTitle "IM"]
[WhiteElo "2237"]
[BlackElo "2433"]
[WhiteFideId "1502930"]
[BlackFideId "1508148"]
[EventDate "2017.07.22"]

1. e4 e6 2. d4 d5 3. Bd3 c5 4. c3 cxd4 5. cxd4 dxe4 6. Bxe4 Nf6 7. Bd3 Bd7 8.
Nf3 Bc6 9. O-O Bxf3 10. Qxf3 Nc6 11. Bb5 Qd5 12. Qxd5 Nxd5 13. Bxc6+ bxc6 14.
Nc3 Kd7 15. Be3 Bd6 16. Rac1 f5 17. Nxd5 exd5 18. f3 Rhb8 19. Rc2 a5 20. Kf2 a4
21. Bd2 Ra6 22. g3 Rab6 23. Rb1 Ba3 24. Bc3 g5 25. Ke3 h5 26. Kd3 Bd6 27. Re1
Rh8 28. Rg2 Rbb8 29. a3 Rbf8 30. Bb4 Rh6 31. f4 g4 32. Rge2 h4 33. Bxd6 Kxd6 34.
gxh4 Rxh4 35. Re6+ Kc7 36. Rc1 Rh3+ 37. Kd2 Rxh2+ 38. Kd3 Rf7 39. Rcxc6+ Kd8 40.
Rcd6+ Rd7 41. Rxd7+ Kxd7 42. Re5 Rxb2 43. Rxf5 Rb3+ 44. Kc2 Ke6 45. Re5+ Kd6 46.
Rg5 g3 47. Rg6+ Ke7 48. Rg5 Ke6 49. Re5+ Kd6 50. Rg5 Rxa3 51. Rg6+ Ke7 52. f5
Rb3 53. Re6+ Kf7 54. Rg6 Rf3 55. Kb2 Rd3 56. Ka2 Ke7 57. Kb2 Rxd4 58. Rxg3 Rf4
59. Rg6 Rxf5 60. Rg4 Rf2+ 61. Ka3 Kd6 62. Rxa4 Ke5 63. Rh4 d4 64. Kb3 Rf4 65.
Rh2 Ke4 66. Kc2 Rf3 67. Kd2 Rd3+ 68. Ke2 Re3+ 69. Kd2 Rd3+ 70. Ke2 Ra3 71. Rh5
Ra2+ 72. Kd1 Ra3 73. Kd2 Ra2+ 74. Kd1 Ra3 75. Kd2 Rg3 76. Rh4+ Kd5 77. Rh8 Rg2+
78. Kd3 Rg3+ 79. Kd2 Kc4 80. Rc8+ Kd5 1/2-1/2

[Event "Xtracon Chess Open 2017"]
[Site "Helsingor DEN"]
[Date "2017.07.30"]
[Round "10.23"]
[White "Thogersen, Rasmus"]
[Black "Jepson, Christian"]
[Result "0-1"]
[BlackTitle "IM"]
[WhiteElo "2222"]
[BlackElo "2421"]
[WhiteFideId "1431412"]
[BlackFideId "1701185"]
[EventDate "2017.07.22"]

1. e4 d6 2. d4 g6 3. Bc4 Nf6 4. Qe2 Nc6 5. Nf3 Bg4 6. c3 e5 7. Bb5 Nd7 8. Be3
Bg7 9. Bxc6 bxc6 10. Nbd2 Qb8 11. h3 Qxb2 12. Rb1 Bxf3 13. Qc4 Qc2 14. Qxc6 Bxg2
15. Rg1 Bxe4 16. Qxe4 Qxe4 17. Nxe4 O-O 18. Rb7 Rfb8 19. Rxb8+ Rxb8 0-1

[Event "Xtracon Chess Open 2017"]
[Site "Helsingor DEN"]
[Date "2017.07.30"]
[Round "10.24"]
[White "Zude, Erik"]
[Black "Malmstig, Erik"]
[Result "0-1"]
[WhiteTitle "IM"]
[BlackTitle "FM"]
[WhiteElo "2421"]
[BlackElo "2266"]
[WhiteFideId "4604644"]
[BlackFideId "1702866"]
[EventDate "2017.07.22"]

1. Nf3 Nf6 2. c4 g6 3. g3 Bg7 4. Bg2 O-O 5. Nc3 d6 6. O-O Nc6 7. d3 Bd7 8. b3
Ne4 9. dxe4 Bxc3 10. Rb1 a6 11. Bb2 Bxb2 12. Rxb2 b5 13. cxb5 axb5 14. e5 Ra6
15. exd6 cxd6 16. h4 Qa5 17. Qd3 Rc8 18. Rc1 Nb4 19. Rxc8+ Bxc8 20. Qd2 Nxa2 21.
Qh6 Qc3 22. Rc2 Qa1+ 23. Kh2 Be6 24. Rc7 Qg7 25. Qg5 Nc3 26. Rxe7 h6 27. Qe3 Nd5
28. Re8+ Kh7 29. Qc1 Nf6 30. Rxe6 Ng4+ 0-1

[Event "Xtracon Chess Open 2017"]
[Site "Helsingor DEN"]
[Date "2017.07.30"]
[Round "10.25"]
[White "Haria, Ravi"]
[Black "Jaksland, Tim"]
[Result "1-0"]
[WhiteTitle "FM"]
[BlackTitle "FM"]
[WhiteElo "2417"]
[BlackElo "2227"]
[WhiteFideId "415820"]
[BlackFideId "1401084"]
[EventDate "2017.07.22"]

1. e4 c5 2. Nf3 e6 3. c3 Nf6 4. e5 Nd5 5. d4 cxd4 6. cxd4 d6 7. Bc4 Be7 8. O-O
Nc6 9. Bd2 O-O 10. Nc3 Nb6 11. Bb3 Bd7 12. Qe2 Na5 13. Bc2 Nac4 14. Qe4 g6 15.
Bh6 f5 16. Qe2 Re8 17. exd6 Bxd6 18. Bg5 Qc7 19. Bb3 Rac8 20. Rac1 Nd5 21. Ne5
Nxc3 22. Rxc3 b5 23. Rfc1 Bxe5 24. dxe5 Qb7 25. h4 Na5 26. h5 b4 27. Rg3 Nxb3
28. axb3 Qe4 29. Qxe4 fxe4 30. hxg6 hxg6 31. Rd1 Bc6 32. Bf6 Kf7 33. Rh3 Bd5 34.
Ra1 Ra8 35. Ra6 Rec8 36. Rd6 g5 37. Rh6 Bc6 38. Bxg5 Bd5 39. Rd7+ Kg8 40. Bf6 1-0

[Event "Xtracon Chess Open 2017"]
[Site "Helsingor DEN"]
[Date "2017.07.30"]
[Round "10.26"]
[White "Sukandar, Irine Kharisma"]
[Black "Bach, Matthias"]
[Result "1/2-1/2"]
[WhiteTitle "IM"]
[BlackTitle "FM"]
[WhiteElo "2409"]
[BlackElo "2200"]
[WhiteFideId "7101937"]
[BlackFideId "4603168"]
[EventDate "2017.07.22"]

1. d4 d6 2. e4 Nf6 3. Nc3 g6 4. Nf3 Bg4 5. h3 Bxf3 6. Qxf3 Nbd7 7. e5 dxe5 8.
dxe5 Nxe5 9. Qxb7 Qc8 10. Qb5+ Ned7 11. Qc6 Bg7 12. Ba6 Qd8 13. Bg5 O-O 14. Rd1
Qe8 15. Bb5 a6 16. Ba4 Qb8 17. O-O Qxb2 18. Rb1 Qa3 19. Rb3 Qd6 20. Rd1 Qe5 21.
Be3 Nb6 22. Bd4 Qh5 23. Bxb6 cxb6 24. Qxb6 Ne4 25. Rd5 Qh4 26. Nxe4 Qxe4 27. Qa5
Qxc2 28. Re3 Qxa2 29. Rxe7 Rac8 30. Bd1 Qxa5 31. Rxa5 Rfe8 32. Rxe8+ Rxe8 33.
Bf3 Re1+ 34. Kh2 Bd4 35. Rxa6 Bxf2 36. Ra2 1/2-1/2